000 00408nam a2200145 a 4500
001 000031310
005 20200930062836.0
008 110617s2012 dr a 000 0 spa d
040 _aDO-SdBNP
_bspa
_cBNPHU
082 _axxxx
_bxxxx
100 1 _aMoreno, Ramón
_957762
245 1 0 _aApuntes de un gnóstico /
_cRamón Moreno.
260 _aSanto Domingo :
_bEditora Karabu,
_c2012.
300 _a160 p. ;
_c18 cm.
999 _c30802
_d30802